=LDR 00000nam 2200000 4500 =001 INLIS000000000030944 =005 20250605101752 =035 ##$$a 0010-061300000030944 =008 250605###########################0#ind## =041 ##$$a ind =082 ##$$a 028.5 =090 ##$$a 028.5, Ami b =100 ##$$a Amijaya, Arleen =245 1#$$a Bob the top, Bob si gangsing /$c Arleen Amijaya ; ilustrator, Cindi Novita ; editor, Imran Laha =260 ##$$a Jakarta :$b PT. Bumi Aksara Group,$c 2008 =300 ##$$a 23 hlm, : $b ilus ; $c 19 x 19 cm =650 #4$$a Bacaan Anak-anak =850 ##$$a NBPNMAT =020 ##$$a 978-979-010-485-3 =084 ##$$a 028.5 AMI b =990 ##$$a 0001/BPAP-NTB/2016